New Zealand Rugby All Blacks - Most starts by a prop - Statistics

General Stats
  • This quiz has been taken 126 times
    41 since last reset
  • The average score is 7 of 12
Answer Stats
Starts Player % Correct
98 Owen Franks
100%
105 Tony Woodcock
100%
56 Olo Brown
81%
50 Craig Dowd
78%
37 Carl Hayman
59%
48 Greg Somerville
56%
30 Kees Meeuws
56%
46 Richard Loe
56%
46 Steve McDowall
31%
36 Gary Knight
28%
32 Wilson Whineray
16%
38 Joe Moody
0%
No matching quizzes found
Score Distribution
Percent of People with Each Score
Percentile by Number Answered
Your Score History
You have not taken this quiz since the last reset